The Office who said it #2 - Statistics

General Stats
  • This quiz has been taken 319 times
  • The average score is 8 of 15
Answer Stats
Hint Answer % Correct
If you pray enough you can turn yourself into a cat person Angela
93%
Identity theft is not a joke Jim millions of families suffer every year Dwight
90%
Me think why waste time say lot of word when few word do trick Kevin
80%
I’m not superstitious but I am a little stitious Michael
78%
Close your mouth sweetie you look like a trout Phyllis
72%
I am Beyoncé always Michael
65%
I’d say I have gotten along with my subordinates Dwight
62%
Are you wearing lady clothes Darryl
48%
I was reading the mattress tag and I fell asleep Erin
48%
How do I find out if a girls interested? Great question. I usually just assume that they’re not Andy
47%
Life is short drive fast and leave a sexy corpse Stanley
40%
I suggested we flip a coin but Angela says she doesn’t like to gamble Pam
39%
I have 6 roommates which are better then friends because they have to give you a months notice before they leave Toby
37%
See your always saying there’s something wrong with society, maybe theres something wrong with you Jim
24%
Anything that doesn’t scare us is not worth doing Jan
13%
No matching quizzes found
Score Distribution
Percent of People with Each Score
Percentile by Number Answered
Your Score History
You have not taken this quiz